| 000 | 01090nam a2200265Ia 4500 | ||
|---|---|---|---|
| 003 | OSt | ||
| 005 | 20221005110114.0 | ||
| 006 | a|||||r|||| 00| 0 | ||
| 007 | ta | ||
| 008 | 221004b |||||||| |||| 00| 0 urd d | ||
| 020 |
_a8126024151 (pbk) _c400 |
||
| 024 | _a92243 | ||
| 037 |
_b522, 19/03/2009, Vani Prakashan _cTextual |
||
| 040 |
_aCRL _cCRL _burd |
||
| 041 |
_2urd _aurd |
||
| 082 | _aO168,3N57x, 152P6 | ||
| 100 | _aमुहम्मद अशरफ़, सैय्यद | ||
| 245 | 0 | _aबादे सबा का इंतिज़ार | |
| 246 | _aBāde sabā kā iantiज़āra | ||
| 260 |
_aनई दिल्ली _bसाहित्य अकादेमी भारत _c2006 |
||
| 300 |
_a168पृ0 _ccm. |
||
| 490 | _aसाहित्य अकादेमी द्वारा पुरस्कृत उर्दू कहानी - संग्रह | ||
| 942 |
_hO168,3N57x, 152P6 _cTEXL _2cc |
||
| 999 |
_c1017818 _d1017818 |
||